| 000 | 00758nam a2200217 a 4500 | ||
|---|---|---|---|
| 999 |
_c6416 _d6416 |
||
| 001 | 6416 | ||
| 003 | BD-JhCC | ||
| 005 | 20180123182126.0 | ||
| 008 | 171104s1982 bg |||| ||a| 000 0 ben d | ||
| 035 | _a(BD-JhCC) 6416 | ||
| 040 |
_aBD-JhCC _dBD-JhCC |
||
| 041 | _aben | ||
| 082 |
_a891.442 _bSHA 1982 |
||
| 100 | _aশাইখ, আসকার ইবনে | ||
| 245 |
_aরাজ্য-রাজা-রাজধানী : _bপ্রথম ও দ্বিতীয় পর্যায় / _cআসকার ইবনে শাইখ |
||
| 260 |
_aঢাকা : _bইসলামিক ফাউন্ডেশন বাংলাদেশ , _c1982. |
||
| 300 |
_a522 p .: _c22 cm . |
||
| 650 | _aIslamic Drama | ||
| 942 |
_2ddc _cBK |
||